Movies with Robots - Statistics

General Stats
  • This quiz has been taken 37 times
  • The average score is 9 of 15
Answer Stats
Hint Movie % Correct
Waste Allocation Load Lifter Earth-class WALL-E
94%
The fate of humanity is at stake when two races of robots, Autobots and Decepticons, bring their war to Earth. Transformers
88%
Disguised as a human, a cyborg assassin travels from 2029 to 1984 to kill Sarah Connor. The Terminator
85%
In a violent, near-apocalyptic Detroit, evil corporation Omni Consumer Products wins a contract from the city government to privatize the police force. RoboCop
82%
Monsters called Kaiju invade the Earth, the only way mankind could stop them is to build monsters of their own. Pacific Rim
79%
Deckard is forced by the police Boss to continue his old job as Replicant Hunter. His job is to eliminate four escaped Replicants from the colonies who have returned to Earth. Blade Runner
76%
This movie is well known for dodging bullets. The Matrix
73%
A robotic boy, the first programmed to love, David is adopted as a test case by a Cybertronics employee and his wife. A.I. Artificial Intelligence
70%
The special bond that develops between plus-sized inflatable robot Baymax, and prodigy Hiro Hamada, who team up with a group of friends to form a band of high-tech heroes. Big Hero 6
58%
This 1927 German science-fiction film presents a highly stylized futuristic city where a beautiful and cultured utopia exists above a bleak underworld populated by mistreated workers. Metropolis
55%
Charlie used to be a prizefighter but lost his chance to win a title when heavy, towering robots took over the boxing ring. Real Steel
48%
In this movie, heroes fight a robot which has artificial intelligence obsessed with causing human extinction. Avengers: Age of Ultron
42%
Humans created a robot named Ava. However, it soon becomes evident that Ava is far more self-aware and deceptive than either man imagined. Ex Machina
36%
A mechanized police force patrols the streets and deals with lawbreakers, but now, the people are fighting back. Chappie
27%
An aging ex-cat burglar finds his zest for life renewed when he trains his robotic caretaker to help him commit heists. Robot and Frank
15%
No matching quizzes found
Score Distribution
Percent of People with Each Score
Percentile by Number Answered
Your Score History
You have not taken this quiz